Flagi Europy bez koloru niebieskiego - Statystyki

Ogólne statystyki
  • Ten quiz został rozwiązany 32 razy
  • Średni wynik to 12 z 18
Statystyki odpowiedzi
Flaga % Poprawnych
Polska
100%
Niemcy
93%
Litwa
89%
Łotwa
85%
Albania
81%
Włochy
81%
Belgia
78%
Austria
70%
Białoruś
70%
Irlandia
70%
Węgry
59%
Dania
56%
Szwajcaria
56%
Bułgaria
52%
Malta
44%
Monako
44%
Watykan
44%
Macedonia Północna
33%
Nie znaleziono quizów pasujących do podanych kryteriów
Rozkład punktacji
Procent ludzi z każdym wynikiem
Percentyl według liczby udzielonych odpowiedzi
Twoja historia wyników
Nie rozwiązałeś tego quizu